Геология и происхождение трубообразных рудных тел медного бассейна в Аризоне: пер. с англ.

Chi tiết về thư mục
Tác giả chính: Джонстон У. П.
Tác giả khác: Лоуэлл Дж. Д.
Tóm tắt:Статья из Economic geology, Vol. 56, № 5, 1961.
Ngôn ngữ:Tiếng Nga
Được phát hành: Москва, 1962
Loạt:Геология полезных ископаемых Вып. 18
Những chủ đề:
Định dạng: MixedMaterials Sách
KOHA link:https://koha.lib.tpu.ru/cgi-bin/koha/opac-detail.pl?biblionumber=187412

MARC

LEADER 00000nam0a2200000 4500
001 187412
005 20231031174001.0
035 |a (RuTPU)RU\TPU\book\203367 
090 |a 187412 
100 |a 20101115d1962 km y0rusy50 ca 
101 1 |a rus  |c eng 
102 |a RU 
105 |a a z 001zy 
200 1 |a Геология и происхождение трубообразных рудных тел медного бассейна в Аризоне  |e пер. с англ.  |f У. П. Джонстон, Дж. Д. Лоуэлл 
210 |a Москва  |d 1962 
215 |a 21 с.  |c ил. 
225 1 |a Геология полезных ископаемых  |v Вып. 18 
300 |a Статья из Economic geology, Vol. 56, № 5, 1961. 
320 |a Библиогр.: с. 20-21. 
610 1 |a геология 
610 1 |a полезные ископаемые 
610 1 |a месторождения 
610 1 |a рудные месторождения 
610 1 |a руды цветных металлов 
610 1 |a США 
675 |a 553.4(73)  |v 3 
700 1 |a Джонстон  |b У. П. 
701 1 |a Лоуэлл  |b Дж. Д. 
801 1 |a RU  |b 63413507  |c 20101115 
801 2 |a RU  |b 63413507  |c 20180712  |g RCR 
942 |c BK